Noem de 768 werkwoorden die beginnen met de letter A - Statistieken

Algemene statistieken
  • Deze quiz is 7 keer genomen
  • De gemiddelde score is 7 van 128
Antwoordstatistieken
Antwoord Antwoord Antwoord Antwoord Antwoord Antwoord Antwoord % Correct
aanbakken aanbakken aanraden accentueren affiliëren afschampen afzakken
67%
aanaarden aanaarden aanpunten accelereren afficheren afschaffen afzadelen
50%
aanbellen aanbellen aanranden accessen affirmeren afschaven afzeiken
50%
aanbenen aanbenen aanreiken acclimatiseren affluiten afscheiden afzemen
50%
aanbelanden aanbelanden aanraken accepteren affineren afschatten afzeggen
33%
aanbesteden aanbesteden aanrekenen accommoderen affronteren afschenken afzenden
33%
aanbetalen aanbetalen aanrennen accompagneren afgaan afschepen afzetten
33%
aanbidden aanbidden aanrijden accosteren afgeven afschermen afzinken
33%
aanbieden aanbieden aanrijgen accrediteren afgieten afschetsen afzoeken
33%
aanbijten aanbijten aanroepen accrocheren afglijden afscheuren afzoenen
33%
aanbinden aanbinden aanroeren accumuleren afgooien afschieten afzonderen
33%
aanblazen aanblazen aanrommelen acen afgrazen afschilderen afzwaaien
33%
aanblijven aanblijven aanrukken achten afgrendelen afschilferen afzwakken
33%
aanbevelen aanbevelen aanrichten accorderen afgelasten afscheren afzien
17%
aanblaffen aanblaffen aanrollen accuseren afgraven afschijnen afzuigen
17%
aanblikken aanblikken aanschaffen achteraankomen afgronden afschillen afzwemmen
17%
aanboren aanboren aanschellen achterblijven afhaken afschminken afzweren
17%
aanbouwen aanbouwen aanscherpen achterhalen afhakken afschrabben agaceren
17%
aandoen aandoen aansjorren achternazitten afhuren afschuiven alarmeren
17%
aangeven aangeven aanstoken adderen afkopen afstempelen annoteren
17%
aanklagen aanklagen aantrekken adverteren afluisteren aftekenen approvianderen
17%
aanmaken aanmaken aanzeulen afbrokkelen afprijzen afvuren atkinsen
17%
aanbraden aanbraden aanschieten achterhouden afhalen afschrapen agenderen
0%
aanbranden aanbranden aanschoffelen achterlaten afhameren afschrappen ageren
0%
aanbreien aanbreien aanschoppen achterliggen afhandelen afschrijven agglutineren
0%
aanbreken aanbreken aanschouwen achterlopen afhangen afschrikken aggregeren
0%
aanbrengen aanbrengen aanschrijden achternagaan afhaspelen afschroeven agioteren
0%
aandammen aandammen aanschrijven achternalopen afhechten afschudden agiteren
0%
aandienen aandienen aanschroeven achternarijden afhelpen afschuieren agnosceren
0%
aandijken aandijken aanschuiven achternavaren afhouden afschuimen airboarden
0%
aandikken aandikken aansjokken achternazetten afhouwen afschuinen airbrushen
0%
aandraaien aandraaien aansjouwen achteromkijken afjakkeren afschutten alcoholiseren
0%
aandragen aandragen aanslaan achteropkomen afkalven afslaan alerten
0%
aandraven aandraven aanslepen achteropraken afkammen afslachten alfabetiseren
0%
aandrijven aandrijven aanslibben achteroverdrukken afkanten afslanken aligneren
0%
aandringen aandringen aanslingeren achteroverleunen afkappen afslijten alkaliseren
0%
aandrukken aandrukken aansloffen achteroverslaan afkatten afsloven alkyleren
0%
aanduiden aanduiden aansluipen achterovervallen afkeren afsluiten allitereren
0%
aandurven aandurven aansluiten achterstaan afkerven afsmeken allongeren
0%
aanduwen aanduwen aansmeren achterstellen afketsen afsnauwen allrounden
0%
aandweilen aandweilen aansnellen achteruitdeinzen afkeuren afsnijden alluderen
0%
aaneenbinden aaneenbinden aansnijden achteruitgaan afkicken afsnoeren alterneren
0%
aaneenflansen aaneenflansen aansnoeren achteruitkrabbelen afkijken afspannen amalgameren
0%
aaneenhangen aaneenhangen aanspannen achteruitlopen afkleden afspelden ambiëren
0%
aaneenhechten aaneenhechten aanspelen achteruitrijden afklemmen afspelen ambreren
0%
aaneenkleven aaneenkleven aanspoelen achteruitslaan afklokken afspiegelen ambushmarketen
0%
aaneenklinken aaneenklinken aansporen achteruitwijken afkloppen afsplijten amenderen
0%
aaneenkoppelen aaneenkoppelen aanspreken achteruitzetten afkluiven afsplitsen amerikaniseren
0%
aaneenrijgen aaneenrijgen aanstaan achtervoegen afknabbelen afspoelen amortiseren
0%
aaneenschakelen aaneenschakelen aanstampen achtervolgen afknappen afsponsen amplificeren
0%
aaneenschrijven aaneenschrijven aanstappen acquireren afknellen afspreken amputeren
0%
aaneensluiten aaneensluiten aanstaren acquitteren afknibbelen afspringen amuseren
0%
aaneensmeden aaneensmeden aansteken acroturnen afknijpen afspuiten analogiseren
0%
aanflitsen aanflitsen aanstellen acten afknippen afstaan analyseren
0%
aanfluiten aanfluiten aansterken acteren afknokken afstammen anatomiseren
0%
aanfokken aanfokken aanstevenen activeren afkoelen afstappen animeren
0%
aangaan aangaan aanstichten actualiseren afkoken afsteken ankeren
0%
aangapen aangapen aanstiefelen actueren afkomen afstellen annexeren
0%
aangespen aangespen aanstippen adapteren afkondigen afstemmen annonceren
0%
aangorden aangorden aanstormen ademen afkoppelen afsterven annuleren
0%
aangrijnzen aangrijnzen aanstoten ademhalen afkorten afstevenen anodiseren
0%
aangrijpen aangrijpen aanstouwen adequeren afkrabben afstijgen antedateren
0%
aangroeien aangroeien aanstrepen aderiseren afkraken afstoffen antichambreren
0%
aanhaken aanhaken aanstrijken aderlaten afkrijgen afstompen anticiperen
0%
aanhalen aanhalen aanstromen adhereren afkunnen afstoppen antidateren
0%
aanhangen aanhangen aanstuiven adjudiceren afladen afstoten antwoorden
0%
aanharken aanharken aansturen adjungeren aflaten afstraffen apaiseren
0%
aanhechten aanhechten aanstuwen adjusteren aflebberen afstrijken apocoperen
0%
aanheffen aanheffen aanswitchen administreren afleggen afstropen appealen
0%
aanhikken aanhikken aantasten admitteren afleiden afstruinen appeasen
0%
aanhitsen aanhitsen aantekenen adopteren afleren afstuderen appelleren
0%
aanhollen aanhollen aantellen adoreren afleveren afstuiten appen
0%
aanhoren aanhoren aantijgen adosseren aflezen aftaaien applaudisseren
0%
aanhouden aanhouden aantikken adouceren aflikken aftakelen appliceren
0%
aanjagen aanjagen aantonen adresseren afloeren aftakken appliqueren
0%
aankaarten aankaarten aantrappen adsorberen afloggen aftanken apporteren
0%
aankakken aankakken aantreden adstrueren aflopen aftappen appreciëren
0%
aankijken aankijken aantreffen advancen aflossen aftasten appreteren
0%
aanklampen aanklampen aanvaarden advertisen afmaaien aftellen aquafitnessen
0%
aankleden aankleden aanvallen adviseren afmaken afteren aquajoggen
0%
aankleven aankleven aanvangen aerobiccen afmalen aftesten aquaplanen
0%
aankloppen aankloppen aanvaren afbakenen afmarcheren aftikken aquarelleren
0%
aanknippen aanknippen aanvatten afbeelden afmartelen aftobben aquarobiccen
0%
aanknopen aanknopen aanvechten afbekken afmatten aftoppen arbitreren
0%
aankoeken aankoeken aanvegen afbellen afmeren aftrainen arceren
0%
aankomen aankomen aanvetten afbestellen afmeten aftrappen archaïseren
0%
aankondigen aankondigen aanvliegen afbetalen afmijnen aftreden archiveren
0%
aankopen aankopen aanvoelen afbetten afmikken aftrekken argumenteren
0%
aankruisen aankruisen aanvoeren afbeulen afmonsteren aftroeven aromatiseren
0%
aankunnen aankunnen aanvragen afbidden afnemen aftroggelen arrangeren
0%
aankweken aankweken aanvreten afbijten afnokken aftuigen arresteren
0%
aanlachen aanlachen aanvullen afbinden afpakken afturven arriveren
0%
aanlanden aanlanden aanvuren afbitchen afpalen afvaardigen articuleren
0%
aanleggen aanleggen aanwaaien afbladderen afpassen afvallen asfalteren
0%
aanlengen aanlengen aanwakkeren afblaffen afpeigeren afvangen aspireren
0%
aanleren aanleren aanwassen afblazen afpeilen afvaren assemblen
0%
aanleunen aanleunen aanwenden afblijven afpellen afvegen assembleren
0%
aanleveren aanleveren aanwennen afbluffen afperken afvergen assimileren
0%
aanliggen aanliggen aanwerven afboeken afpersen afverven assisten
0%
aanlijken aanlijken aanwijzen afborstelen afpijnigen afvinken assisteren
0%
aanlijnen aanlijnen aanwinnen afbottelen afpikken afvlaggen associëren
0%
aanloeren aanloeren aanwippen afbouwen afpingelen afvloeien assoneren
0%
aanloggen aanloggen aanwrijven afbramen afplatten afvoeren assorteren
0%
aanlokken aanlokken aanzanden afbranden afplukken afvorderen assumeren
0%
aanlonken aanlonken aanzeggen afbreken afpoeieren afvragen assureren
0%
aanlopen aanlopen aanzetten afbrengen afpraten afvullen atb'en
0%
aanmanen aanmanen aanzien afbuigen afraden afwaaien atomiseren
0%
aanmelden aanmelden aanzitten afchecken afraffelen afwaarderen atrofiëren
0%
aanmengen aanmengen aanzoeken afdalen afraken afwachten attachen
0%
aanmeren aanmeren aanzuiveren afdammen aframmelen afwassen attacheren
0%
aanmerken aanmerken aanzwellen afdanken afranselen afwateren attaqueren
0%
aanmeten aanmeten aanzwengelen afdansen afrasteren afwegen attenderen
0%
aanmodderen aanmodderen aanzwepen afdekken afratelen afweken attesteren
0%
aanmoedigen aanmoedigen aarden afdingen afreageren afwenden attraperen
0%
aanmonsteren aanmonsteren aarzelen afdoen afreizen afwennen audiofucken
0%
aanmunten aanmunten abandonneren afdraaien afrekenen afwentelen auditen
0%
aannaaien aannaaien abdiqueren afdragen afremmen afweren auditeren
0%
aannemen aannemen abduceren afdreggen africhten afwerken ausculteren
0%
aanpakken aanpakken abhorreren afdreigen afrijden afwerpen autocrossen
0%
aanpappen aanpappen abimeren afdrijven afrikaniseren afweten autodaten
0%
aanpassen aanpassen aboleren afdrinken afroeien afwijken autodialen
0%
aanplakken aanplakken aborderen afdrogen afroepen afwijzen automatiseren
0%
aanplanten aanplanten aborteren afdruipen afroffelen afwikkelen autopetten
0%
aanporren aanporren absolveren afdrukken afromen afwimpelen autoracen
0%
aanpoten aanpoten absorberen afduwen afronden afwinden autorijden
0%
aanpraten aanpraten abstraheren afdwalen afrossen afwisselen autoriseren
0%
aanpreken aanpreken accableren afdwingen afruimen afwissen avondmalen
0%
aanprijzen aanprijzen accapareren affakkelen afrukken afwrijven azen
0%
Geen overeenkomende quizzen gevonden
Scoreverdeling
Procent van Mensen met Elke Score
Percentiel versus Aantal Correcte Antwoorden
Uw Scoregeschiedenis
U heeft deze quiz nog niet genomen